Soliloquio del conquistador / (Record no. 110067)

MARC details
000 -LEADER
campo de control de longitud fija 01144cam a22003375i 4500
001 - NÚMERO DE CONTROL
campo de control 122575
005 - FECHA Y HORA DE LA ÚLTIMA TRANSACCIÓN
campo de control 20230411085948.0
008 - DATOS DE LONGITUD FIJA--INFORMACIÓN GENERAL
campo de control de longitud fija 150506s2014 mx 000 0 spa
035 ## - NÚMERO DE CONTROL DEL SISTEMA
Número de control de sistema 19160965
020 ## - NÚMERO INTERNACIONAL ESTÁNDAR DEL LIBRO
Número Internacional Estándar del Libro 9786077690221 (UDLAP)
020 ## - NÚMERO INTERNACIONAL ESTÁNDAR DEL LIBRO
Número Internacional Estándar del Libro 9788441434165 (Edaf)
035 ## - NÚMERO DE CONTROL DEL SISTEMA
Número de control de sistema (MxMxBFM)bfm970173565
040 ## - FUENTE DE CATALOGACIÓN
Centro catalogador/agencia de origen DLC
Lengua de catalogación eng
Centro/agencia transcriptor DLC
Normas de descripción rda
042 ## - CÓDIGO DE AUTENTICACIÓN
Código de autenticación pcc
043 ## - CÓDIGO DE ÁREA GEOGRÁFICA
Código de área geográfica s-pe---
-- s------
097 00 -
-- PQ 7819
-- M578s 2014
100 1# - ENTRADA PRINCIPAL--NOMBRE DE PERSONA
Nombre de persona Mesa Gisbert, Carlos Diego,
Fechas asociadas al nombre 1953-
245 10 - MENCIÓN DEL TÍTULO
Título Soliloquio del conquistador /
Mención de responsabilidad, etc. Carlos D. Mesa Gisbert.
250 ## - MENCION DE EDICION
Mención de edición Primera edición.
260 ## - PUBLICACIÓN, DISTRIBUCIÓN, ETC.
Lugar de publicación, distribución, etc. San Andrés Cholula, Puebla :
Nombre del editor, distribuidor, etc. Universidad de las Américas Puebla ;
Lugar de publicación, distribución, etc. Puebla, México :
Nombre del editor, distribuidor, etc. EDAF Editorial,
Fecha de publicación, distribución, etc. 2014.
300 ## - DESCRIPCIÓN FÍSICA
Extensión 212 p. ;
Dimensiones 20 cm
600 10 - PUNTO DE ACCESO ADICIONAL DE MATERIA--NOMBRE DE PERSONA
Nombre de persona Cortés, Hernán,
Subdivisión de forma Fiction.
600 00 - PUNTO DE ACCESO ADICIONAL DE MATERIA--NOMBRE DE PERSONA
Nombre de persona Marina,
Fechas asociadas al nombre approximately 1505-approximately 1530
Subdivisión de forma Fiction.
651 #0 - PUNTO DE ACCESO ADICIONAL DE MATERIA--NOMBRE GEOGRÁFICO
Nombre geográfico Peru
Subdivisión general History
Subdivisión cronológica Conquest, 1522-1548
Subdivisión de forma Fiction.
651 #0 - PUNTO DE ACCESO ADICIONAL DE MATERIA--NOMBRE GEOGRÁFICO
Nombre geográfico South America
Subdivisión general History
Subdivisión cronológica 16th century
Subdivisión de forma Fiction.
925 0# -
-- acquire
-- 1 shelf copy
-- policy default
942 ## - ELEMENTOS DE ENTRADA SECUNDARIOS (KOHA)
Fuente del sistema de clasificación o colocación Clasificación de Library of Congress
Tipo de ítem Koha
923 ## -
-- 20160606
-- 3253
-- MxMxBFM
985 ## -
-- VENDOR LOAD
946 ## - PROCESAMIENTO DE INFORMACIÓN LOCAL (OCLC)
a JaaM
Holdings
Estatus retirado Estado de pérdida Fuente del sistema de clasificación o colocación Estado de daño No para préstamo Colección Biblioteca de origen Biblioteca actual Ubicación en estantería Fecha de adquisición Código de barras Visto por última vez Copia número Tipo de ítem Koha
    Clasificación de Library of Congress     Automatización y Procesos Técnicos Biblioteca Juan Bosch Biblioteca Juan Bosch Automatización y Procesos Técnicos (1er. Piso) 11/04/2023 00000115488 17/02/2019 1